000 00666nam a2200241 i 4500
003 DO-SdBNP
005 20240306095440.0
007 ta
008 240306s1983 dr o 000 0 spa d
040 _aDO-SdBNP
_bspa
_cBNPHU
_erda
041 1 7 _aspa
_heng
082 4 _222
_bL337
245 0 0 _aLas hijas de la caridad en Puerto Rico 1863-1983
264 1 _aPuero Rico :
_bAmigo del Hogar,
_c1989
300 _a495 páginas :
_bilustraciones
_c23 cm.
336 _2rdacontent
_atexto
_btxt
337 _2rdamedia
_asin mediación
_bn
338 _2rdacarrier
_avolumen
_bnc
590 _aInventariado, 2024/ DG
700 _961577
910 _aDG
942 _2ddc
_cLBS1
999 _c56041
_d56041